00461nam a2200109Ia 4500008004100000041000800041100002800049245002400077260004200101999001700143952019100160230206s9999 xx 000 0 und d aeng aMurthy E N, Ed.9119279 aInsurance Chronicle c2010bThe ICFAI UniversityaHyderabad c97731d97731 00104070aHIMRbHIMRd2016-11-30eSatya GilanihJan. 2010 to March 2010 (Vol. 10 No.1 to Vol. 10 No. 3)l0o658.155/MUR BV0394pHIMR-BV-394r2023-02-06 00:00:00w2023-02-06yBVzBV0394